000 00584nam a2200205Ii 4500
003 JO-AjNU
008 230605s9999||||xx |||||||||||||| ||und||
017 _a2009/10/4604
040 _aJO-AjNU
_bara
_erda
_cJO-AjNU
041 _aara
050 1 4 _aPS2384.M612 2009
100 3 _aمليفل، هرمان,
_eauthor
_956645
245 0 0 _aموبي ديك
264 3 1 _aعمان:وزارة الثقافة، 2009
300 _a534ص
336 _atext
_btxt
_2rdacontent
337 _aunmediated
_bn
_2rdamedia
338 _avolume
_bnc
_2rdacarrier
650 4 _aروايات
_956646
999 _aA25337
_c28905
_d28905